000 01023cab a2200205 4500
001 W7434
008 090401t1994 xxu||||| |||| 00| 0 eng d
035 _a(Sirsi) u31395
041 _aeng
245 _aLevy of distress
260 _c1994
350 _a0
490 _aTimes
_v26 April 1994, 36(1)
520 _aIn "R v Basildon Justices ex parte Holding and Barnes plc" QBD 12 April 1994, it was held that justices were not under a duty when hearing an appeal against levy of distress for non-payment of rates to hear and decide on evidence whether the levy was irregular before they went on to consider the exercise of their discretion to ward compensation in respect of seizure of goods by bailiffs. There were alternative remedies available to an appellant who wished to challenge the regularity of a levy.
650 _aNON-DOMESTIC RATING 9COLLECTION AND ENFORCEMENT ) (LOCAL LISTS) REGULA
650 _aNON-PAYMENT OF RATES
690 _aRATING AND VALUATION-CASE LAW
942 _n0
948 _c04/03/1997
999 _c21077
_d21077